000
00284nam a2200133 4500
008
190521s ||||xo d
245
1
0
_a
Chlieb náš každodenný
260
_b
In network
250
_a
1.vydanie
020
_c
0
041
1
_a
slo
044
_a
xo
_c
SK
958
_a
AUL
999
_c
22422
_d
22422